| 000 | 00000nam 2200000zi 4500 |
| 001 | 9.933875 |
| 003 | CaOODSP |
| 005 | 20240214110213 |
| 006 | m o d f |
| 007 | cr ||||||||||| |
| 008 | 240214e199607##onc|||||ob f000 0 eng d |
| 040 | |aCaOODSP|beng|erda|cCaOODSP |
| 043 | |an-cn--- |
| 086 | 1 |aC2-280/4S-1996E-PDF |
| 245 | 00|aCanada Business Corporations Act, supplement to discussion paper : |bproposals for technical amendments. |
| 264 | 1|a[Ottawa] : |b[Industry Canada], |cJuly 1996. |
| 300 | |a1 online resource (47 pages). |
| 336 | |atext|btxt|2rdacontent |
| 337 | |acomputer|bc|2rdamedia |
| 338 | |aonline resource|bcr|2rdacarrier |
| 490 | 1 |aCanada Business Corporations Act discussion paper |
| 500 | |aDigitized edition from print [by Innovation, Science and Economic Development Canada]. |
| 500 | |aSupplement to one document in a series of nine discussion papers on possible changes to reform and modernize the Canada Business Corporations Act. |
| 500 | |aIssued also in French under title: La Loi canadienne sur les sociétés par actions, document de consultation : propositions d'amendements de nature technique supplémentaires. |
| 504 | |aIncludes bibliographical references. |
| 610 | 10|aCanada. |tCanada Business Corporations Act. |
| 650 | 0|aCorporation law|zCanada. |
| 710 | 1 |aCanada. |bIndustry Canada, |eissuing body. |
| 772 | 1 |tCanada Business Corporations Act discussion paper : proposals for technical amendments. |w9.571830 |
| 775 | 08|tLa Loi canadienne sur les sociétés par actions, document de consultation : |w(CaOODSP)9.933874 |
| 830 | #0|aCanada Business Corporations Act.|w(CaOODSP)9.506499 |
| 856 | 40|qPDF|s676 KB|uhttps://publications.gc.ca/collections/collection_2024/isde-ised/C2-280-4S-1996-eng.pdf |